00899 2200325 4500001002100000005001500021035002000036007000300056040001200059100003000071245008700101250001000188300003300198020001800231041000800249082001200257084001800269090002200287264003400309336002100343337003000364338002300394650002300417850001000440008004100450990001600491990002200507990002200529990002200551INLIS00000000000679520260410093104 a0010-0622000130ta aSBPUPAD0 aTim Bakti GuruePengarang1 aTangkas Menulis Tegak Bersambung Untuk Sekolah Dasar Kelas Empat /cTim Bakti Guru aCet.7 av,44 hlm. :billus. ;c23 cm a979-514-769-40 aind a372.634 a372.634 TIM t a372.634 TIM t 9-9 aBandung :bRosda Karya,c2005 2rdacontentaTeks 2rdamediaaTanpa Perantara 2rdacarrieravolume 4aMedia Pembelajaran aPUPAD260410 0  a00000034307 a1064/H/ARPUS/2007 a1062/H/ARPUS/2007 a1653/H/ARPUS/2007